000 00312nam a22001457a 4500
008 211018b ||||| |||| 00| 0 eng d
020 _a9780395649558
041 _aeng
080 _23rd
_a159.9
082 _a159.9
100 _a48
101 _aPSI
245 _aPsychology
_cBernsein,D.A
942 _2udc
_cBK
999 _c58257
_d58257